000 00419nam a2200145Ia 4500
008 230917s9999||||xx |||||||||||||| ||und||
040 _e182261
_aMAIN
041 _aEnglish
082 _a658.4092 C529T
100 _aClampitt, Phillip G
245 0 _aTransforming leaders into progress makers: Leadership for the 21st century
260 _aNew Delhi
_bSage Publications
_c2011
300 _axvi, 261 p.
942 _cBK
999 _c163888
_d163888